00318cam a22001097a 4500008004000000082001300040100002100053245003900074260003000113300001000143650005500153180718b1992 xxu||||| |||| 00| 0 eng d aA99 D938 aDurrani, Tehmina aMy Feudal Lordcby Tehmina Durrani aNew DelhibSterlingc1992 a365p. aGhulam Mustafa Khar - Criticism and interpretation